Intermittent work and well-being: one foot in the door, one foot out /
El autor presenta un trabajo de investigación sobre el trabajo intermitente en mujeres y hombres. Donde los sujetos investigados consideran que el trabajo estable da estatus y prestigio, asimismo tocan el tema de inserción y adaptación constante en distintos trabajos y lo que esto conlleva
Bewaard in:
| Hoofdauteur: | |
|---|---|
| Andere auteurs: | , |
| Formaat: | Texto |
| Onderwerpen: | |
| Tags: |
Voeg label toe
Geen labels, Wees de eerste die dit record labelt!
|
MARC
| LEADER | 00000 a a2200000 04500 | ||
|---|---|---|---|
| 001 | 4776 | ||
| 003 | |||
| 040 | |||
| 100 | |a Malenfant, Romaine | ||
| 245 | |a Intermittent work and well-being: |b one foot in the door, one foot out / |c Romaine Malenfant ; Andrée LaRue ; Michel Vézina | ||
| 520 | |a El autor presenta un trabajo de investigación sobre el trabajo intermitente en mujeres y hombres. Donde los sujetos investigados consideran que el trabajo estable da estatus y prestigio, asimismo tocan el tema de inserción y adaptación constante en distintos trabajos y lo que esto conlleva | ||
| 650 | |a TRABAJADORES OCASIONALES | ||
| 650 | |a TRABAJO | ||
| 650 | |a INVESTIGACION SOCIAL | ||
| 700 | |a LaRue, Andrée | ||
| 700 | |a Vézina, Michel | ||
| 773 | |g volumen 55, número 6; páginas 814-835 | ||
| 999 | |c 34145 |d 34145 | ||
| 773 | 0 | |0 18701 |9 10525 |d Los Angeles: SAGE Publications |o 05328 |t Current Sociology / |x 00113921 | |
